Načítá se...

आज और आज से पहले

Podrobná bibliografie
Hlavní autor: कुँवर नारायणा
Další autoři: Kunwar Nararyanan
Médium: Printed Book
Vydáno: New Delhi: Rajkamal, 1998.
Témata:
LEADER 00591cam a2200169ua 4500
020 |a 81-7178-842-4 
082 |a H891.4309  |b KUN/A 
100 0 |a कुँवर नारायणा  
245 0 2 |a आज और आज से पहले  
260 |a New Delhi:  |b Rajkamal,  |c 1998. 
300 |a 273p. 
650 |a Aaj aur aaj se pahale   |a Criticism- Hindi literature 
650 0 |a Hindi literature 
700 |a Kunwar Nararyanan 
942 |c BK 
999 |c 12029  |d 12029 
952 |0 0  |1 0  |4 0  |6 H_891_430900000000000_KUN  |7 0  |9 12551  |a KUCL  |b KUCL  |d 2014-05-23  |l 0  |o H891.4309 KUN/  |p 13908  |r 2014-05-23  |w 2014-05-23  |y BK